Bài tập vật lí đại cương Biên soạn theo chương trình của Bộ giáo dục và đào tạo ban hành năm 1 Tập 1 Cơ - nhiệt

Tóm tắt các công thức và định luật, các bài tập ví dụ, các đề bài tập tự gải, phần hướng dẫn gải và đáp số các bài tập về cơ học và nhiệt học

Shranjeno v:
Bibliografske podrobnosti
Glavni avtor: Lương Duyên Bình (chủ biên)
Drugi avtorji: Nguyễn Hữu Hồ, Lê Văn Nghĩa
Format: Knjiga
Jezik:Vietnamese
Izdano: H. Giáo dục 1997
Izdaja:Tái bản lần 4
Teme:
Oznake: Označite
Brez oznak, prvi označite!
Thư viện lưu trữ: Mạng thư viện Đại học Đà Nẵng
LEADER 01714nam a2200385 4500
001 000013229
003 9569
005 20120605080614.0
008 120312s1997 viesd
020 |c 12200 
041 0 |a vie 
082 |a 530.076  |b LƯ-B 
100 0 |a Lương Duyên Bình  |e Chủ biên 
245 1 0 |a Bài tập vật lí đại cương  |b Biên soạn theo chương trình của Bộ giáo dục và đào tạo ban hành năm 1  |c Lương Duyên Bình, Nguyễn Hữu Hồ, Lê Văn Nghĩa, Nguyễn Quang Sính  |n Tập 1  |p Cơ - nhiệt 
250 |a Tái bản lần 4 
260 |a H.  |b Giáo dục  |c 1997 
300 |a 195 tr.  |c 21 cm. 
500 |a Dùng cho các trường đại học và các khối công nghiệp , công trình , thủy lợi , giao thông vận tải 
520 |a Tóm tắt các công thức và định luật, các bài tập ví dụ, các đề bài tập tự gải, phần hướng dẫn gải và đáp số các bài tập về cơ học và nhiệt học 
653 |a bài tập vật lí 
653 |a cơ - nhiệt 
700 |a Lương Duyên Bình  |e chủ biên 
700 |a Nguyễn Hữu Hồ 
700 |a Lê Văn Nghĩa 
773 |t Bài tập vật lí đại cương  |w 9566 
OWN |a LSP 
AVA |a UDN50  |b LSP  |d 530.076 LƯ-B  |e check_holdings  |t Error 5003 Not defined in file expand_doc_bib_avail.  |h N  |k 1 
999 |a From the UDN01 
AVA |a UDN50  |b LSP  |d 530.076 LƯ-B  |e available  |t Error 5001 Not defined in file expand_doc_bib_avail.  |f 140  |g 2  |h N  |i 21  |k 1 
TYP |a Monograph 
TYP |a Printed language 
980 |a Mạng thư viện Đại học Đà Nẵng